000 00797nam a22002057a 4500
003 OSt
005 20230302104818.0
008 221006b |||||||| |||| 00| 0 eng d
040 _cBiblioteca Lado V
082 _a741.5
_bM977n
100 _9730
_aMurillo Landero, Andrés
_eautor
245 _aNada que ver/
260 _bJóvenes Liberales
_c2019
300 _c17x17cm
_bUna bolsa que contiene una reflexión sobre la imagen y un rompe cabezas
_epublicidad y una hoja explicación sobre el proyecto jóvenes liberales
650 _2Tesauro de Arte & Arquitectura
_aOBRA ARTISTICA
_9703
650 _2Tesauro de Arte & Arquitectura
_aJUEGOS
650 _2Tesauro de Arte & Arquitectura
_aIMAGEN
700 _aCoronado, Kenneth
_eautor
942 _2ddc
_c1
_h700.41
_iM977n
_n0
999 _c3122
_d3122